| 000 | 00654nac a22001811u 4500 | ||
|---|---|---|---|
| 010 | _a 94009224 | ||
| 020 | _a1566250064: | ||
| 082 | 0 | 0 |
_a070.195 _bC6527 |
| 090 |
_c4658 _d4658 |
||
| 100 | _aCoates, Charles. | ||
| 245 | 1 | 0 |
_aProfessional's TV news handbook / _cCharles Coates. |
| 260 |
_aChicago : _bBonus Books,c1994. _cc1994. |
||
| 300 |
_a285 p. : _bill. ; _c24 cm. |
||
| 500 | _aIncludes index. | ||
| 650 | 0 |
_aTelevision broadcasting of news _xHandbooks, manuals, etc. |
|
| 942 |
_cNB _k070.195C6527 |
||
| 999 |
_c4658 _d4658 |
||